Otázky marxistickej filozofie časopis Filozofického ústavu

Bibliographic Details
New Title:Filozofia
Previous Title:Slovenský filozofický časopis
Format: Journal
Language:Slovak
PhysicalDescription:5 zv. 24 cm
Published: Bratislava Vydavateľstvo Slovenskej akadémie vied 1961-1965
ISSN:0046-385X
Subjects:

MARC

LEADER 00000cas a2200000 a 4500
001 vtls008418780
003 SK-MaSNL
005 20260425194044.0
008 051215c19611965xo br|p 0 b0slo d
040 |a SVKPO  |b slo  |c SVKPO  |d SAVUK  |e AACR2 
041 0 |a slo 
044 |a xo  |c SK 
072 7 |a 14  |x Filozofické systémy a hľadiská  |2 konspekt 
072 7 |a 101  |x Filozofia  |2 konspekt 
080 |a 14  |2 2001 
080 |a 141.82  |2 2001 
080 |a 101  |2 2001 
080 |a 050  |2 2001 
245 0 0 |a Otázky marxistickej filozofie  |b časopis Filozofického ústavu 
260 |a Bratislava  |b Vydavateľstvo Slovenskej akadémie vied  |c 1961-1965 
300 |a 5 zv.  |c 24 cm 
310 |a 6x ročne 
362 0 |a Roč. 16, č. 1 (1961)-roč. 20, č. 6 (1965) 
500 |a Periodikum vychádzalo do r. 1960 pod názvom Slovenský filozofický časopis od r. 1966 vychádza pod názvom Filozofia 
550 |a Vydáva Filozofický ústav Slovenskej akadémie vied vo Vydavateľstve SAV, Bratislava 
650 0 7 |a marxizmus  |2 SNKPH  |9 2153 
650 0 7 |a Marxism  |2 SNKPHeng  |9 266803 
650 0 7 |a filozofia  |2 SNKPH  |9 793 
650 0 7 |a Philosophy  |2 SNKPHeng  |9 266492 
650 0 7 |a marxistická filozofia  |2 SNKPH  |9 83522 
650 0 7 |a Marxist philosophy  |2 SNKPHeng  |9 266804 
655 7 |a odborné časopisy  |2 SNKPH  |9 70505 
655 7 |a Professional journals  |2 SNKPH  |9 265007 
780 0 0 |t Slovenský filozofický časopis  |w vtls010302188 
785 0 0 |t Filozofia  |x 0046-385X  |w vtls001468328 
850 |a Štátna vedecká knižnica v Prešove 
910 |a snk 
910 |a savuk 
916 |a 1961-1965 
999 |c 2863  |d 4793 
952 |t č. 1-6  |a SNK  |b SNK  |y PREZ  |7 0  |p 17A0105261  |o snkČSC 447/19/1964  |i snkČSP 602/1965  |f 1  |0 0  |1 0  |4 0  |d 1997-10-29  |l 0  |r 2005-01-02 00:00:00  |w 2026-02-21 
952 |t č. 1-6  |a SNK  |b SNK  |y PREZ  |7 0  |p 17A0519751  |o snkČSC 447/20/1965 D1  |i snkČSP 773/1967  |0 0  |1 0  |4 0  |d 2006-09-21  |l 0  |r 2026-02-21 20:18:15  |w 2026-02-21 
952 |t č. 1-6  |a SNK  |b SNK  |y PREZ  |7 0  |p 17A0104583  |o snkČSC 447/20/1965  |i snkČSP 212/1967  |f 1  |0 0  |1 0  |4 0  |d 1997-10-29  |l 0  |r 2005-01-02 00:00:00  |w 2026-02-21 
952 |t č. 1-6  |a SNK  |b SNK  |y PREZ  |7 0  |p 17A0098681  |o snkČSC 447/17/1962  |i snkČSP 556/1963  |f 1  |0 0  |1 0  |4 0  |d 1997-10-29  |l 0  |r 2005-01-02 00:00:00  |w 2026-02-21 
952 |t č. 1-6  |a SNK  |b SNK  |y PREZ  |7 0  |p 17A0163420  |o snkČSC 447/18/1963  |i snkČSP 14/1964  |f 1  |0 0  |1 0  |4 0  |d 1998-10-05  |l 0  |r 2005-01-02 00:00:00  |w 2026-02-21 
952 |t č. 1-6   |a SNK  |b SNK  |y PREZ  |7 0  |p 17A0594517  |o snkČSC 447/18/1963 D1  |i snkČSP 541/1966  |0 0  |1 0  |4 0  |d 2008-07-15  |l 0  |r 2026-02-21 21:29:55  |w 2026-02-21 
952 |t č. 1-6  |a SNK  |b SNK  |y PREZ  |7 0  |p 17A0594518  |o snkČSC 447/19/1964 D1  |i snkČSP 706/1965  |0 0  |1 0  |4 0  |d 2008-07-15  |l 0  |r 2026-02-21 21:29:55  |w 2026-02-21 
952 |t č. 1-6  |a SNK  |b SNK  |y PREZ  |7 0  |p 17A0486265  |o snkČSC 447/16/1961 D1  |i snkČSP 267/1963  |0 0  |1 0  |4 0  |d 2005-10-01  |l 0  |r 2026-02-21 21:40:18  |w 2026-02-21 
952 |t č. 1-6  |a SNK  |b SNK  |y PREZ  |7 0  |p 17A0163856  |o snkČSC 447/16/1961  |i snkČSP 581/1962  |f 1  |0 0  |1 0  |4 0  |d 1998-10-05  |l 0  |r 2005-01-02 00:00:00  |w 2026-02-21